Funkcionár svojej doby Slovensko XX. storočia: Ľudia a osudy - Ľudovít Benada

Podrobná bibliografia
Hlavný autor: Pešek, Jan, 1949- (Autor)
Médium: Článok
Jazyk:slovenčina
Fyzický popis:Fotogr.
ISSN:1335-4051
Predmet:

MARC

LEADER 00000nab a2200000 a 4500
001 vtls000751359
003 SK-MaSNL
005 20260302192722.0
008 160322c2000 xo 0 slo
015 |a SNBRB2001/03-08729 
035 |a CLN000103153 
040 |a SNKBUCL  |b slo  |c SNKBUCL  |e AACR2 
041 0 |a slo 
044 |a xo  |c SK 
080 |a 32-051  |2 UDC-MRF-SK2 
080 |a 929 Benada, Ľudovít  |2 UDC-MRF-SK2 
100 1 |a Pešek, Jan,  |d 1949-  |4 aut  |9 85425 
245 1 0 |a Funkcionár svojej doby  |b Slovensko XX. storočia: Ľudia a osudy - Ľudovít Benada  |c Jan Pešek 
300 |b Fotogr. 
600 1 7 |a Benada, Ľudovít,  |d 1899-1973  |2 snkbucl  |9 90306 
655 7 |a články z novín a časopisov  |2 snkbucl  |9 267496 
773 0 |x 1335-4051  |t Pravda  |g Roč. 10, č. 290 (16.12.2000) 
773 0 |x 1335-4051  |t [Príl.] Sobota  |g S. 20 
850 |a Slovenská národná knižnica v Martine 
852 |a SNK  |b KIS3GCP 
958 |a BX 
958 |a RBX 
999 |c 1441835  |d 1443765